Introduction to python programming: A practical approach (Record no. 1237811)

MARC details
000 -LEADER
fixed length control field 00846nam a2200265Ia 4500
005 - DATE AND TIME OF LATEST TRANSACTION
control field 20250117103603.0
008 - FIXED-LENGTH DATA ELEMENTS--GENERAL INFORMATION
fixed length control field 008 250103s9999 xx 000 0 eng d
020 ## - INTERNATIONAL STANDARD BOOK NUMBER
International Standard Book Number 9789391392062
037 ## - SOURCE OF ACQUISITION
Stock number Textual
040 ## - CATALOGING SOURCE
Original cataloging agency CSL
Language of cataloging eng
Transcribing agency CSL
041 ## - LANGUAGE CODE
Language code of text/sound track or separate title eng
Source of code eng
084 ## - COLON CLASSIFICATION NUMBER
Classification number D65, 8(B)92Py R2
Assigning agency CSL
100 ## - MAIN ENTRY--PERSONAL NAME
Personal name Mohbey, Krishna Kumar
9 (RLIN) 731820
245 #0 - TITLE STATEMENT
Title Introduction to python programming: A practical approach
Statement of responsibility, etc. Mohbey, Krishna Kumar; Bakariya, Brijesh
260 ## - PUBLICATION, DISTRIBUTION, ETC.
Place of publication, distribution, etc. New Delhi
Name of publisher, distributor, etc. BPB Publisher
Date of publication, distribution, etc. 2022
300 ## - PHYSICAL DESCRIPTION
Extent xxiv, 397p. ill.
650 ## - SUBJECT ADDED ENTRY--TOPICAL TERM
Topical term or geographic name entry element Clustering and python
9 (RLIN) 734054
650 ## - SUBJECT ADDED ENTRY--TOPICAL TERM
Topical term or geographic name entry element File handling
9 (RLIN) 734055
650 ## - SUBJECT ADDED ENTRY--TOPICAL TERM
Topical term or geographic name entry element Strings
9 (RLIN) 734056
650 ## - SUBJECT ADDED ENTRY--TOPICAL TERM
Topical term or geographic name entry element Tuple
9 (RLIN) 734057
650 ## - SUBJECT ADDED ENTRY--TOPICAL TERM
Topical term or geographic name entry element Statistics
700 ## - ADDED ENTRY--PERSONAL NAME
Personal name Bakariya, Brijesh
9 (RLIN) 731822
942 ## - ADDED ENTRY ELEMENTS (KOHA)
Koha item type Textual
Classification part D65, 8(B)92Py R2
Holdings
Withdrawn status Lost status Damaged status Not for loan Home library Current library Date acquired Source of acquisition Inventory number Total Checkouts Full call number Barcode Date last seen Date last checked out Price effective from Koha item type
        Central Science Library Central Science Library 2025-01-17 DSR Publishers & Distributors 637, 28/01/2024 1 D65, 8(B)92Py R2 SL1655761 2026-02-24 2025-01-18 2025-01-17 Textual
Copyright @ Delhi University Library System